| 000 | 00643nam a2200193 a 4500 | ||
|---|---|---|---|
| 005 | 20240925064843.0 | ||
| 008 | 991125c1975 mx 000 0 spa u | ||
| 035 | _aUPN01000013541 | ||
| 049 | _aCG | ||
| 050 | 4 |
_aHN3 _bD428 |
|
| 245 | 0 | 0 |
_aDebate sobre el crecimiento / _ccomp. Willem L. Oltmans ; tr. de José Ramón Pérez León. |
| 260 |
_aMéxico : _bFCE, _c1975. |
||
| 440 | 0 |
_aPopular ; _v149 |
|
| 534 |
_pTraducción de: _tOn growth. The crisis of exploding population and resource depletion |
||
| 650 | 7 |
_aHistoria económica _2 _910243 |
|
| 650 | 2 |
_aProblemas sociales _96247 |
|
| 700 | 1 |
_aOltmans, Willem L., _ecomp. |
|
| 905 | _aLibro | ||
| 999 |
_c13541 _d13541 |
||